Обществоведение. Ч. 4: 6 год обуч. (Запись № 13612100)

Подробности
000 -МАРКЕР
контрольное поле 01351nam2a2200253 4500
001 - ИДЕНТИФИКАТОР ЗАПИСИ
контрольное поле rc\2984104
005 - ИДЕНТИФИКАТОР ВЕРСИИ
контрольное поле 20260315062740.0
035 ## - ДРУГИЕ СИСТЕМНЫЕ НОМЕРА
Идентификатор записи (NLR Aleph) 007128810
100 ## - ДАННЫЕ ОБЩЕЙ ОБРАБОТКИ
Данные общей обработки 20071128d1933 u y0rusy50 ca
101 0# - ЯЗЫК РЕСУРСА
Язык текста, звукозаписи и т.д. русский
102 ## - СТРАНА ПУБЛИКАЦИИ ИЛИ ПРОИЗВОДСТВА
Страна публикации Российская Федерация
105 ## - ПОЛЕ КОДИРОВАННЫХ ДАННЫХ: ТЕКСТОВЫЕ МАТЕРИАЛЫ, МОНОГРАФИЧЕСКИЕ
Кодированные данные о монографическом текстовом документе a z |||||
200 1# - ЗАГЛАВИЕ И СВЕДЕНИЯ ОБ ОТВЕТСТВЕННОСТИ
Основное заглавие 6 год обуч.
Первые сведения об ответственности М. Овсянникова и Б. Левитан
210 ## - ПУБЛИКАЦИЯ, РАСПРОСТРАНЕНИЕ И ДР.
Дата издания, распространения и т.д. 1933
215 ## - ФИЗИЧЕСКАЯ ХАРАКТЕРИСТИКА
Специфическое обозначение материала и объем Обл., 160 с.
Другие сведения о физической характеристике ил.
461 #0 - УРОВЕНЬ НАБОРА
Встроенное поле 001rc\2984101
-- 2001#$aОбществоведение$eУчебник для начальной и сред. школы. Ч. 1-$fМ. Овсянникова, Б. Левитан, С. Ушаков, А. Александров$gДопущен Коллегией НКП РСФСР$vЧ. 4
-- 700#1$aОвсянникова$bМ.Д.$gМария Дмитриевна
Системный номер (АБИС) связанной записи 6938106
Автор Овсянникова, М.Д.
Место публикации Москва
Дата публикации 1933
Первые сведения об ответственности М. Овсянникова, Б. Левитан, С. Ушаков, А. Александров
Имя издателя, распространителя и т.д. Гос. учеб.-пед. изд-во
Сведения, относящиеся к заглавию Учебник для начальной и сред. школы. Ч. 1-
Заглавие Обществоведение
Номер тома Ч. 4
700 #1 - ИМЯ ЛИЦА - ПЕРВИЧНАЯ ОТВЕТСТВЕННОСТЬ
Начальный элемент ввода Овсянникова
Часть имени, кроме начального элемента ввода М.Д.
Расширение инициалов личного имени Мария Дмитриевна
701 #1 - ИМЯ ЛИЦА - АЛЬТЕРНАТИВНАЯ ОТВЕТСТВЕННОСТЬ
Начальный элемент ввода Левитан
Часть имени, кроме начального элемента ввода Б.
801 #0 - ИСТОЧНИК ЗАПИСИ
Страна Российская Федерация
Организация NLR
Правила каталогизации psbo
801 #1 - ИСТОЧНИК ЗАПИСИ
Страна Российская Федерация
Организация ELAR
Источник данных rusmarc
852 ## - МЕСТОНАХОЖДЕНИЕ И ШИФР ХРАНЕНИЯ
Идентификатор организации NLR
Шифр хранения (Call Number) 33-18/287
942 ## - ДОПОЛНИТЕЛЬНЫЕ ЭЛЕМЕНТЫ ЗАПИСИ (АБИС)
Тип экземпляра АБИС Неопределено
980 ## - КОЛЛЕКЦИЯ
Название коллекции Национальная библиография

Нет доступных экземпляров.